00520nam a2200169Ia 450000500170000000800410001704100080005808200150006610000120008124501270009325000110022026000410023130000090027250000290028165000280031070000120033820251121140103.0230125s9999 xx 000 0 und d aeng a158.1bGOY aGoyal V aPrashnna Tumche Uttar Tenali RamanchebTumche Aayushya Badlun Taknarya Tenali ramanchya Hushari aani Chaturyachya 74 Katha aEd.1st c2011bManovikas prakashanaNew Delhi a228p aPersonality Development  aPersonality Development aGoyal V